Countries With The Most Christians - Statistics

General Stats
  • This quiz has been taken 16 times
  • The average score is 9 of 20
Answer Stats
Hint Answer % Correct
168M Brazil
93%
102M Russia
93%
217M USA
93%
113M Mexico
87%
48M Italy
80%
102M Philippines
73%
100% Vatican City
73%
92M Nigeria
67%
51M South Africa
67%
73M Ethiopia
53%
99% East Timor
27%
98.5% Armenia
20%
97.5% Marshall Islands
20%
99% Romania
20%
99% Tonga
20%
99% Papua New Guinea
13%
97.5% Moldova
7%
97.6% Namibia
7%
92M Congo DR
0%
97.5% Soloman Islands
0%
No matching quizzes found
Score Distribution
Percent of People with Each Score
Percentile by Number Answered
Your Score History
You have not taken this quiz